000 00443nam a2200169Ia 4500
008 260407s2025 xx 000 0 und d
041 _aeng
082 _a572/MUR
_b12635
100 _aDR. G. MURUGANANTHAN
245 _aBIOCHEMISTRY THORY AND PRACTICALS
250 _a2ND
260 _aLUCKNOW
_bTHAKUR PUB
_c2025
300 _a280p
650 _aBIOCHEMISTRY
650 _aPHARMACEUTCAL CHEMISTRY
700 _aPROF. DR. AMRENDRA YADAV
999 _c1220127
_d1220127